[Event "Ekipno DP Slovenije - Drzavna liga"]
[Site "Murska Sobota"]
[Date "2006.11.27"]
[EventDate "?"]
[Round "3"]
[Result "1-0"]
[White "Anna Muzychuk"]
[Black "Ana Srebrnic"]
[WhiteElo "2452"]
[BlackElo "2297"]
[PlyCount "79"]

1. e4 e5 2. d4 exd4 3. Nf3 Bb4+ 4. Bd2 Qe7 5. Bd3 Nc6 6. O-O
Bxd2 7. Qxd2 Nf6 8. e5 Nd5 9. Be4 Nb6 10. Nxd4 Nxd4 11. Qxd4
O-O 12. Nc3 f5 13. Nd5 Nxd5 14. Bxd5+ Kh8 15. Rfe1 d6 16. Qb4
c5 17. Qc3 Rb8 18. Rad1 b6 19. exd6 Qxd6 20. Be6 Qc7 21. Bd7
Bb7 22. Re7 Rf6 23. Qe1 Qf4 24. Bc8 Rxc8 25. Rxb7 Rg6 26. Qe7
h6 27. g3 Qf3 28. Rd3 Qg4 29. Qd7 Rg8 30. Rxa7 Qe4 31. Qd5
Qe1+ 32. Kg2 f4 33. Rf3 fxg3 34. hxg3 Qc1 35. Qe4 Rd6 36. Ra8
Rxa8 37. Qxa8+ Kh7 38. Qe4+ Kg8 39. Qe8+ Kh7 40. Rf8 1-0

[Event "Ekipno DP Slovenije - Drzavna liga"]
[Site "Murska Sobota"]
[Date "2006.11.28"]
[EventDate "?"]
[Round "4"]
[Result "1-0"]
[White "Gyula Sax"]
[Black "Anna Muzychuk"]
[WhiteElo "2533"]
[BlackElo "2452"]
[PlyCount "95"]

1. e4 d5 2. exd5 Nf6 3. d4 Nxd5 4. Nf3 g6 5. c4 Nb6 6. c5 Nd5
7. Bc4 Bg7 8. Qb3 c6 9. Nc3 O-O 10. O-O Nxc3 11. bxc3 b5
12. cxb6 axb6 13. Ng5 e6 14. Re1 h6 15. Ne4 Ba6 16. Bxa6 Rxa6
17. Bf4 Qd5 18. Qb4 Qf5 19. Bxb8 Rxb8 20. Qd6 Rba8 21. Qxc6
Qd5 22. Qxd5 exd5 23. Nd6 Rxa2 24. Rxa2 Rxa2 25. Nc8 Ra5
26. Nxb6 Rb5 27. Nd7 f6 28. g4 Kf7 29. Ra1 Bf8 30. Ra7 Be7
31. Nc5 f5 32. gxf5 gxf5 33. Nd3 Kf6 34. Ra6+ Kg7 35. Nf4 Kf7
36. Ra7 Ke8 37. Ne6 Bd6 38. Ng7+ Kd8 39. Nxf5 Bf4 40. Ne3 Bc7
41. Ra6 Ba5 42. Rd6+ Ke7 43. Rxd5 Rb1+ 44. Kg2 Bxc3 45. Rc5
Bd2 46. Rc2 Bb4 47. Rc7+ Kd6 48. Rb7 1-0

[Event "Ekipno DP Slovenije - Drzavna liga"]
[Site "Murska Sobota"]
[Date "2006.11.29"]
[EventDate "?"]
[Round "5"]
[Result "0-1"]
[White "Anna Muzychuk"]
[Black "Danilo Polajzer"]
[WhiteElo "2452"]
[BlackElo "2367"]
[PlyCount "60"]

1. e4 c5 2. Nf3 e6 3. d4 cxd4 4. Nxd4 Nc6 5. Nc3 Qc7 6. Be3 a6
7. Qd2 Nf6 8. f3 d6 9. O-O-O Be7 10. g4 O-O 11. g5 Nd7 12. h4
Nde5 13. f4 Nxd4 14. Qxd4 Nc6 15. Qd2 b5 16. h5 Rb8 17. g6 b4
18. Na4 Na5 19. b3 Bd7 20. Nc5 Bc8 21. Qh2 h6 22. f5 exf5
23. exf5 Bxf5 24. Nxa6 Qc3 25. Bd4 Nxb3+ 26. axb3 Bg5+ 27. Kb1
Qxb3+ 28. Ka1 Qa3+ 29. Kb1 b3 30. gxf7+ Rxf7 0-1

[Event "Ekipno DP Slovenije - Drzavna liga"]
[Site "Murska Sobota"]
[Date "2006.12.01"]
[EventDate "?"]
[Round "7"]
[Result "1/2-1/2"]
[White "Anna Muzychuk"]
[Black "Zlatko Basagic"]
[WhiteElo "2452"]
[BlackElo "2348"]
[PlyCount "70"]

1. e4 c5 2. Nf3 e6 3. c4 Nc6 4. Nc3 Nf6 5. Be2 d5 6. cxd5 exd5
7. e5 d4 8. exf6 dxc3 9. dxc3 Qxf6 10. Bg5 Qg6 11. O-O Be7
12. Bxe7 Kxe7 13. Re1 Qf6 14. Bb5+ Kf8 15. Qd5 g6 16. Qxc5+
Kg7 17. Bxc6 bxc6 18. Nd4 Bd7 19. Re7 Rhd8 20. Rae1 Kg8
21. R1e3 Be6 22. Rf3 Qh4 23. h3 Bd5 24. Rfe3 Qg5 25. f3 Qg3
26. Rxa7 Rxa7 27. Qxa7 Be6 28. Qe7 Rd5 29. Qf6 h5 30. h4 c5
31. Rxe6 fxe6 32. Qxe6+ Kg7 33. Qe7+ Kg8 34. Qe8+ Kg7 35. Qe7+
Kg8 1/2-1/2

[Event "Ekipno DP Slovenije - Drzavna liga"]
[Site "Murska Sobota"]
[Date "2006.12.02"]
[EventDate "?"]
[Round "8"]
[Result "0-1"]
[White "Janez Kozamernik"]
[Black "Anna Muzychuk"]
[WhiteElo "2235"]
[BlackElo "2452"]
[PlyCount "42"]

1. e4 c5 2. Nf3 Nc6 3. c3 e5 4. d3 Nf6 5. Nbd2 d5 6. Be2 g6
7. O-O Bg7 8. b4 cxb4 9. cxb4 a6 10. Rb1 O-O 11. a4 b5 12. Bb2
Re8 13. Re1 bxa4 14. Qxa4 Bd7 15. Qb3 Be6 16. Ng5 Rb8 17. Qa4
Bd7 18. Qxa6 Nxb4 19. Qa7 Ra8 20. Qc5 Bf8 21. Qc1 Na2 0-1

[Event "CRO-chT (Women)"]
[Site "Sibenik, Croatia"]
[Date "2007.10.14"]
[EventDate "2007.10.13"]
[Round "2"]
[Result "1-0"]
[White "Anna Muzychuk"]
[Black "Ana Srebrnic"]
[WhiteElo "2469"]
[BlackElo "2278"]
[PlyCount "61"]

1. e4 e5 2. Nf3 Nf6 3. Nxe5 d6 4. Nf3 Nxe4 5. d3 Nf6 6. d4 d5
7. c4 Bb4+ 8. Nc3 O-O 9. Be2 dxc4 10. Bxc4 Qe7+ 11. Be3 Ng4
12. O-O Nxe3 13. fxe3 Qxe3+ 14. Kh1 Bxc3 15. bxc3 Nc6 16. Qc2
Qh6 17. Rae1 Bg4 18. Qe4 Bd7 19. Nh4 g6 20. Nf3 Rae8 21. Qb1
Rxe1 22. Qxe1 Na5 23. Ne5 Nxc4 24. Nxd7 Ne3 25. Rf3 Rd8
26. Nf6+ Kg7 27. h3 c5 28. Qg3 Nc4 29. Kh2 Qc1 30. Qh4 Rf8
31. Qxh7# 1-0

[Event "CRO-chT (Women)"]
[Site "Sibenik, Croatia"]
[Date "2007.10.15"]
[EventDate "2007.10.13"]
[Round "3"]
[Result "1/2-1/2"]
[White "Eva Repkova"]
[Black "Anna Muzychuk"]
[WhiteElo "2391"]
[BlackElo "2469"]
[PlyCount "46"]

1. e4 c5 2. b3 Nc6 3. Bb2 e6 4. f4 Nf6 5. Nc3 d5 6. e5 Nd7
7. Nf3 f5 8. h4 h5 9. Ng5 Nb6 10. Be2 g6 11. O-O Be7 12. a4 d4
13. Nb5 a6 14. Na3 Bd7 15. Nc4 Nxc4 16. Bxc4 Bxg5 17. hxg5 Na5
18. Be2 Bc6 19. Bf3 Bd5 20. Ba3 d3 21. c4 Bxf3 22. Rxf3 Qd4+
23. Kh2 Kf7 1/2-1/2

[Event "CRO-chT (Women)"]
[Site "Sibenik, Croatia"]
[Date "2007.10.16"]
[EventDate "2007.10.13"]
[Round "4"]
[Result "1/2-1/2"]
[White "Anna Muzychuk"]
[Black "Jana Krivec"]
[WhiteElo "2469"]
[BlackElo "2315"]
[PlyCount "81"]

1. d4 Nf6 2. c4 g6 3. Nc3 Bg7 4. e4 d6 5. f3 O-O 6. Be3 c6
7. Qd2 a6 8. Bd3 b5 9. b3 Nbd7 10. Nge2 e5 11. O-O exd4
12. Nxd4 Ne5 13. Be2 bxc4 14. bxc4 d5 15. exd5 cxd5 16. c5 Nc4
17. Bxc4 dxc4 18. Rfd1 Nd5 19. Bg5 Nxc3 20. Bxd8 Bxd4+
21. Qxd4 Ne2+ 22. Kf2 Nxd4 23. Rxd4 Be6 24. Be7 Rfb8 25. Rc1
Rb2+ 26. Kg3 Rxa2 27. c6 Kg7 28. Bb4 Rc8 29. Bc3 Kf8 30. Bb4+
Kg7 31. Rd6 g5 32. Bc5 h5 33. h3 h4+ 34. Kh2 Ra4 35. Bb6 Rb4
36. c7 Rb5 37. Ra1 Kf6 38. Ba5 Rc5 39. Bb6 Rb5 40. Ba5 Rc5
41. Bb6 1/2-1/2

[Event "CRO-chT (Women)"]
[Site "Sibenik, Croatia"]
[Date "2007.10.17"]
[EventDate "2007.10.13"]
[Round "5"]
[Result "0-1"]
[White "Ivana Ivekovic"]
[Black "Anna Muzychuk"]
[WhiteElo "1900"]
[BlackElo "2469"]
[PlyCount "48"]

1. d4 Nf6 2. Nf3 d6 3. c4 Nbd7 4. Nc3 e5 5. Qc2 exd4 6. Nxd4
g6 7. g3 Bg7 8. Bg2 O-O 9. O-O c6 10. Rd1 Qc7 11. e4 Re8
12. Be3 Ng4 13. Bf4 Nge5 14. b3 Nc5 15. Rac1 a5 16. h3 a4
17. Nxa4 Nxa4 18. bxa4 Qa5 19. c5 dxc5 20. Qxc5 Qxc5 21. Rxc5
Rxa4 22. Rd2 Nc4 23. Rc2 Na3 24. Rd2 Rxd4 0-1

[Event "CRO-chT (Women)"]
[Site "Sibenik, Croatia"]
[Date "2007.10.17"]
[EventDate "2007.10.13"]
[Round "6"]
[Result "1-0"]
[White "Anna Muzychuk"]
[Black "Elena Boric"]
[WhiteElo "2469"]
[BlackElo "2279"]
[PlyCount "159"]

1. e4 e6 2. d4 d5 3. Nc3 Nc6 4. Nf3 Nf6 5. Bg5 Be7 6. Bxf6
Bxf6 7. Bb5 O-O 8. Qd2 a6 9. Bxc6 bxc6 10. e5 Be7 11. Na4 f5
12. exf6 gxf6 13. O-O Rb8 14. Rfe1 Bd6 15. b3 Kh8 16. c4 dxc4
17. bxc4 Bb4 18. Nc3 c5 19. d5 c6 20. Re3 cxd5 21. cxd5 exd5
22. Qxd5 Bxc3 23. Qxd8 Rxd8 24. Rxc3 Rb2 25. h3 Bb7 26. a3
Bxf3 27. Rxf3 Kg7 28. Rc1 Rd5 29. Rc4 h5 30. Rfc3 Rd1+ 31. Kh2
Rxf2 32. Rxc5 Kh6 33. Rc8 Rff1 34. Rh8+ Kg5 35. Rg8+ Kf4
36. Rc4+ Kf5 37. a4 Rc1 38. Rh4 Rh1+ 39. Kg3 Rc3+ 40. Kf2 Rc2+
41. Ke3 Ra1 42. Rxh5+ Ke6 43. Ra5 Ra3+ 44. Kd4 Rca2 45. Rxa6+
Kf7 46. Rga8 Rxg2 47. R6a7+ Ke6 48. Re8+ Kf5 49. Ra5+ Kf4
50. Rf8 Rd2+ 51. Kc4 Rc2+ 52. Kb4 Rxh3 53. Rxf6+ Ke4 54. Re6+
Kd4 55. Rd6+ Ke4 56. Rb5 Rh8 57. Rg6 Ra8 58. Rg4+ Kf3 59. Rh4
Rb2+ 60. Kc3 Ra2 61. Kb3 Ra1 62. Rbb4 Rb1+ 63. Kc3 Rc8+
64. Kd2 Ra1 65. Rhc4 Ra2+ 66. Kc3 Re8 67. Kb3 Ra1 68. Kb2 Rd1
69. Rb3+ Ke2 70. Rc2+ Rd2 71. Kc1 Rxc2+ 72. Kxc2 Ra8 73. Ra3
Ra7 74. a5 Rc7+ 75. Kb3 Kd3 76. a6 Ra7 77. Kb4+ Kd4 78. Kb5
Ra8 79. a7 Kd5 80. Kb6 1-0

[Event "CRO-chT (Women)"]
[Site "Sibenik, Croatia"]
[Date "2007.10.17"]
[EventDate "2007.10.19"]
[Round "7"]
[Result "1/2-1/2"]
[White "Anita Gara"]
[Black "Anna Muzychuk"]
[WhiteElo "2315"]
[BlackElo "2469"]
[PlyCount "35"]

1. e4 c5 2. Nf3 e6 3. d4 cxd4 4. Nxd4 a6 5. Bd3 Bc5 6. Nb3 Ba7
7. Qg4 Nf6 8. Qg3 Nc6 9. Nc3 d6 10. Bg5 h6 11. Bd2 Nh5 12. Qf3
Nf6 13. Qe2 e5 14. Be3 Bxe3 15. Qxe3 Be6 16. O-O O-O 17. Rad1
b5 18. Be2 1/2-1/2

[Event "CRO-chT (Women)"]
[Site "Sibenik, Croatia"]
[Date "2007.10.17"]
[EventDate "2007.10.20"]
[Round "8"]
[Result "1-0"]
[White "Anna Muzychuk"]
[Black "Vlasta Macek"]
[WhiteElo "2469"]
[BlackElo "2246"]
[PlyCount "67"]

1. e4 e6 2. d4 d5 3. Nc3 Nf6 4. Bg5 dxe4 5. Nxe4 Be7 6. Bxf6
Bxf6 7. Nf3 O-O 8. Qd2 Nd7 9. O-O-O Be7 10. Bd3 b6 11. Neg5
Nf6 12. Ne5 Bb7 13. h4 c5 14. dxc5 Bxc5 15. Nexf7 Rxf7
16. Bxh7+ Nxh7 17. Qxd8+ Rxd8 18. Rxd8+ Rf8 19. Rxf8+ Nxf8
20. f3 Be3+ 21. Kd1 Bxg5 22. hxg5 Nh7 23. Re1 Nf8 24. Re3 Bd5
25. Rc3 Kh7 26. Rc8 Ng6 27. c4 Bb7 28. Rc7 Ba6 29. b3 Nh4
30. Rxa7 Bc8 31. Rc7 Ba6 32. b4 Nxg2 33. b5 Ne3+ 34. Kd2 1-0

[Event "CRO-chT (Women)"]
[Site "Sibenik, Croatia"]
[Date "2007.10.17"]
[EventDate "2007.10.21"]
[Round "9"]
[Result "1-0"]
[White "Tatiana Shadrina"]
[Black "Anna Muzychuk"]
[WhiteElo "2379"]
[BlackElo "2469"]
[PlyCount "67"]

1. e4 d5 2. exd5 Nf6 3. d4 Nxd5 4. Nf3 Bf5 5. Bb5+ c6 6. Bd3
Bxd3 7. Qxd3 e6 8. O-O Be7 9. c4 Nf6 10. Nc3 O-O 11. Bf4 Nbd7
12. h3 Bb4 13. Rfd1 Bxc3 14. bxc3 Qa5 15. c5 b6 16. Bd6 Rfc8
17. Ne5 Nxe5 18. dxe5 Nd5 19. c4 Nc3 20. Re1 Na4 21. Qa3 b5
22. Rab1 Qd2 23. Re3 a6 24. Rg3 Qf4 25. Rg4 Qf5 26. Rb3 h5
27. Rd4 Qc2 28. Rg3 Nb2 29. Qf3 Qh7 30. Rh4 Nxc4 31. Rxh5 Nd2
32. Qd1 Qb1 33. Qxb1 Nxb1 34. Be7 1-0

[Event "Gibraltar Chess Festival"]
[Site "Gibraltar ENG"]
[Date "2008.01.29"]
[EventDate "2008.01.22"]
[Round "8"]
[Result "1-0"]
[White "Anna Muzychuk"]
[Black "Sarunas Sulskis"]
[WhiteElo "2460"]
[BlackElo "2553"]
[PlyCount "69"]

1. e4 e5 2. Nf3 Nc6 3. d4 exd4 4. Nxd4 Nf6 5. Nxc6 bxc6 6. e5
Qe7 7. Qe2 Nd5 8. c4 Ba6 9. b3 O-O-O 10. g3 Qb4+ 11. Bd2 Qb6
12. Nc3 Nxc3 13. Bxc3 Bb4 14. Qd2 c5 15. Bxb4 Qxb4 16. Qxb4
cxb4 17. O-O-O Bb7 18. Rg1 Rhe8 19. f4 d6 20. Bh3+ Kb8
21. exd6 Rxd6 22. Rxd6 cxd6 23. Kd2 Bf3 24. Re1 Rxe1 25. Kxe1
Be4 26. Kd2 Kc7 27. Bf1 Kc6 28. Bd3 Bxd3 29. Kxd3 Kc5 30. Ke4
h6 31. g4 g6 32. h4 h5 33. f5 d5+ 34. cxd5 hxg4 35. Kf4 1-0

[Event "Gibraltar Chess Festival"]
[Site "Gibraltar ENG"]
[Date "2008.01.31"]
[EventDate "2008.01.22"]
[Round "10.14"]
[Result "1-0"]
[White "Chanda Sandipan"]
[Black "Anna Muzychuk"]
[WhiteElo "2593"]
[BlackElo "2460"]
[PlyCount "85"]

1. Nf3 c5 2. c3 Nf6 3. d4 e6 4. Bg5 h6 5. Bxf6 Qxf6 6. e4 cxd4
7. cxd4 Bb4+ 8. Nc3 O-O 9. Bd3 d6 10. e5 dxe5 11. dxe5 Bxc3+
12. bxc3 Qe7 13. Qe2 Nd7 14. Rd1 Nc5 15. Bb1 b6 16. Qc2 g6
17. Qd2 Kg7 18. O-O Bb7 19. Nd4 Rac8 20. Rfe1 Rfd8 21. Re3 Na4
22. Rg3 Bd5 23. Re1 Rc5 24. f4 Qc7 25. f5 Rxc3 26. f6+ Kh7
27. Rg4 Qc5 28. Rh4 Qf8 29. Nb5 Rc4 30. Rxc4 Bxc4 31. Nd6 Nc5
32. Qf4 Bd5 33. h4 Kg8 34. Qg3 Rd7 35. Rf1 Kh8 36. Qe3 Nb7
37. Rc1 Nxd6 38. exd6 Kh7 39. h5 Qd8 40. Rf1 e5 41. Qxe5 Bc4
42. Qe4 Bxf1 43. hxg6+ 1-0

[Event "Moscow Open"]
[Site "Moscow"]
[Date "2008.02.09"]
[EventDate "?"]
[Round "8"]
[Result "0-1"]
[White "Olga Girya"]
[Black "Anna Muzychuk"]
[WhiteElo "2342"]
[BlackElo "2475"]
[PlyCount "130"]

1. e4 d5 2. exd5 Nf6 3. Bb5+ Bd7 4. Bc4 Bg4 5. f3 Bc8 6. Nc3
Nbd7 7. Nge2 Nb6 8. Bb3 a5 9. a3 a4 10. Ba2 Nbxd5 11. d4 e6
12. O-O Be7 13. Ne4 b5 14. Nf4 Bb7 15. Qd3 O-O 16. Bd2 Nxf4
17. Bxf4 Bd5 18. Bxd5 Nxd5 19. Bg3 Qd7 20. Rad1 Nb6 21. Qc3
Nd5 22. Qe1 Qc6 23. Qe2 Nb6 24. Nc3 Bxa3 25. bxa3 Qxc3
26. Qxb5 Qxa3 27. Bxc7 Nd5 28. Bg3 Rfc8 29. Ra1 Qb4 30. Qd3
Qc4 31. Rf2 Qxd3 32. cxd3 Rc3 33. Rfa2 a3 34. Bd6 Rxd3
35. Rxa3 Raxa3 36. Rxa3 Rd1+ 37. Kf2 h5 38. Bc5 Rd2+ 39. Kf1
h4 40. Ra8+ Kh7 41. Rf8 Kg6 42. Rh8 Ne3+ 43. Ke1 Rc2 44. g3
Rxh2 45. gxh4 Nf5 46. h5+ Rxh5 47. Rxh5 Kxh5 48. Kf2 Kh4
49. Bb6 Kh3 50. Bc5 Kh2 51. Bf8 g6 52. Bc5 Kh3 53. Bb6 Ne7
54. Bc7 Nd5 55. Bd8 f6 56. Ba5 g5 57. Bd2 Kh2 58. Bc1 Kh3
59. Bd2 Nf4 60. Ba5 f5 61. Bc7 Nd3+ 62. Ke3 Nb4 63. Bd6 Nc6
64. Bc7 Kg2 65. Bd6 f4+ 0-1

[Event "SCT Ladies Open"]
[Site "Stockholm"]
[Date "2008.03.20"]
[EventDate "?"]
[Round "9"]
[Result "1-0"]
[White "Anna Muzychuk"]
[Black "Zeinab Mamedjarova"]
[WhiteElo "2460"]
[BlackElo "2332"]
[PlyCount "77"]

1.e4 d6 2.d4 Nd7 3.Nf3 e5 4.Bc4 exd4 5.Nxd4 Ngf6 6.Nc3 Nb6
7.Be2 Be7 8.O-O O-O 9.Bf4 Re8 10.Qd3 Bf8 11.Rad1 c6 12.Rfe1 d5
13.exd5 Nfxd5 14.Nxd5 Nxd5 15.Bg3 Qa5 16.a3 Bg4 17.h3 Bxe2
18.Rxe2 Rxe2 19.Qxe2 Qb6 20.Nf5 h6 21.Be5 Re8 22.c4 Nf4 23.Qg4
Ng6 24.Bc3 Rd8 25.Re1 Qc7 26.g3 Kh7 27.h4 f6 28.Qe4 Qd7 29.h5
Ne5 30.Bxe5 fxe5 31.Nxh6+ Kh8 32.Qxe5 b6 33.Nf5 Kh7 34.Kg2 Qf7
35.Re4 Rd2 36.Rg4 Qf6 37.Qe4 Bc5 38.Rxg7+ Kh8 39.Qe8+ 1-0

[Event "SCT Ladies Open"]
[Site "Stockholm"]
[Date "2008.03.20"]
[EventDate "?"]
[Round "7"]
[Result "1-0"]
[White "Anna Muzychuk"]
[Black "Irina Sudakova"]
[WhiteElo "2460"]
[BlackElo "2333"]
[PlyCount "79"]

1.e4 e5 2.d4 exd4 3.Nf3 Bb4+ 4.Bd2 Bxd2+ 5.Qxd2 d6 6.Nxd4 Nf6
7.Nc3 O-O 8.O-O-O Nbd7 9.g4 Nxg4 10.f4 Nc5 11.Rg1 Re8 12.h3
Nf6 13.e5 Nh5 14.Be2 dxe5 15.fxe5 Rxe5 16.Nf3 Qxd2+ 17.Rxd2
Re8 18.Rg5 Nf4 19.Rxc5 c6 20.h4 Bg4 21.Bd1 h5 22.Re5 f6
23.Rxe8+ Rxe8 24.Rd4 Ne6 25.Re4 Kf7 26.Be2 b5 27.a3 Rd8 28.Ne1
f5 29.Re3 Rd4 30.Bf3 f4 31.Re2 g5 32.Rg2 Kg6 33.hxg5 Kxg5
34.Bxc6 Kf5 35.Nf3 Rd8 36.Be4+ Kf6 37.Nd5+ Kg7 38.Ne5 Ng5
39.Nxg4 Nxe4 40.Ne5+ 1-0

[Event "SCT Ladies Open"]
[Site "Stockholm"]
[Date "2008.03.20"]
[EventDate "?"]
[Round "1"]
[Result "1-0"]
[White "Anna Muzychuk"]
[Black "Petra Blazkova"]
[WhiteElo "2460"]
[BlackElo "2233"]
[PlyCount "101"]

1.e4 d5 2.exd5 Qxd5 3.Nc3 Qa5 4.Bc4 Nf6 5.d3 c6 6.Qe2 Bf5
7.Bd2 Qc7 8.h3 h5 9.Nf3 Nbd7 10.O-O-O b5 11.Nd4 bxc4 12.Nxf5
g6 13.Nd4 cxd3 14.Qxd3 Ne5 15.Qa6 Qb6 16.Qxb6 axb6 17.Rhe1 Nc4
18.Bg5 Bg7 19.Nxc6 e6 20.Rd4 Na5 21.Ne5 O-O 22.Rb4 Rfc8 23.Bd2
Nc6 24.Rc4 Nxe5 25.Rxc8+ Rxc8 26.Rxe5 Nd7 27.Re2 Ne5 28.Nd1
Nc4 29.Bb4 Rd8 30.b3 Bh6+ 31.Ne3 Nxe3 32.fxe3 e5 33.Bc3 f6
34.a4 Kf7 35.Kb2 Ke6 36.b4 f5 37.Kb3 Rc8 38.e4 Bg7 39.Be1 fxe4
40.Bf2 Rc6 41.b5 Rd6 42.g4 hxg4 43.hxg4 Bh6 44.Rxe4 Kd5 45.Re1
e4 46.Rd1+ Ke6 47.Rxd6+ Kxd6 48.Bxb6 Bd2 49.c4 e3 50.Kc2 Ke5
51.Kd3 1-0

[Event "SCT Ladies Open"]
[Site "Stockholm"]
[Date "2008.03.20"]
[EventDate "?"]
[Round "4"]
[Result "1/2-1/2"]
[White "Sopiko Khukhashvili"]
[Black "Anna Muzychuk"]
[WhiteElo "2387"]
[BlackElo "2460"]
[PlyCount "110"]

1.e4 c5 2.Nf3 e6 3.d4 cxd4 4.Nxd4 a6 5.Bd3 Ne7 6.c4 Nbc6 7.Nb3
Ng6 8.O-O Be7 9.Be3 e5 10.Qd2 d6 11.Nc3 Be6 12.Nd5 O-O 13.Rfd1
h6 14.Bf1 Bg5 15.Bxg5 Qxg5 16.Qxg5 hxg5 17.Nb6 Rad8 18.Rd2
Nge7 19.Rad1 f5 20.Rxd6 fxe4 21.Nc5 Rxd6 22.Rxd6 Bf5 23.Nba4
Nc8 24.Rd2 Rd8 25.Rxd8+ Nxd8 26.g4 Bxg4 27.Nxe4 Nf7 28.Bg2 b5
29.cxb5 axb5 30.Nac3 Ncd6 31.Nxd6 Nxd6 32.Bc6 Be6 33.a4 bxa4
34.Nxa4 Kf7 35.Nc5 Bc4 36.f3 Nf5 37.Kf2 Nd4 38.Bb7 Be2 39.Ke3
Bd1 40.h3 Ke7 41.Be4 Kd6 42.b4 Bc2 43.Kf2 Bxe4 44.Nxe4+ Kd5
45.Nxg5 Nf5 46.b5 Kc5 47.Nf7 Kxb5 48.Nxe5 Kc5 49.Nd3+ Kd4
50.Ne1 Ke5 51.Nc2 Kf4 52.Nb4 Kg5 53.Nd5 Kh4 54.Kg2 g5 55.Nc3
Nd4 1/2-1/2

[Event "SCT Ladies Open"]
[Site "Stockholm"]
[Date "2008.03.20"]
[EventDate "?"]
[Round "2"]
[Result "0-1"]
[White "Karina Szczepkowska-Horowska"]
[Black "Anna Muzychuk"]
[WhiteElo "2293"]
[BlackElo "2460"]
[PlyCount "78"]

1.e4 d5 2.exd5 Nf6 3.d4 Nxd5 4.Be2 Bf5 5.Nf3 e6 6.O-O Be7 7.a3
O-O 8.h3 Bf6 9.c4 Nb6 10.Nc3 Nc6 11.Be3 a5 12.b3 e5 13.d5 e4
14.Nd4 Nxd4 15.Bxd4 c6 16.Ra2 Re8 17.d6 Nd7 18.f3 Bxd4+
19.Qxd4 Qh4 20.Qf2 Qf6 21.Nxe4 Bxe4 22.fxe4 Qxf2+ 23.Rxf2 Nc5
24.Bf3 Nxb3 25.Rae2 Re5 26.Bg4 h5 27.Bf3 Rd8 28.Re3 Nc5 29.Rd2
f6 30.h4 Kf7 31.Kf2 g6 32.Rd4 Re6 33.g4 hxg4 34.Bxg4 Rexd6
35.Rxd6 Rxd6 36.h5 gxh5 37.Bxh5+ Ke6 38.Bg4+ Ke5 39.Bf5 Rd4
0-1

[Event "Women's Olympiad"]
[Site "Dresden GER"]
[Date "2008.11.20"]
[EventDate "2008.11.13"]
[Round "7"]
[Result "0-1"]
[White "Natalia Khoudgarian"]
[Black "Anna Muzychuk"]
[WhiteElo "2149"]
[BlackElo "2508"]
[PlyCount "41"]

1. e4 e5 2. Nf3 Nc6 3. Nc3 Bc5 4. Nxe5 Nxe5 5. d4 Bd6 6. dxe5
Bxe5 7. Bc4 Ne7 8. Qh5 Bxc3+ 9. bxc3 O-O 10. O-O d6 11. Bg5
Qe8 12. Rfe1 Ng6 13. Rab1 Be6 14. Bxe6 Qxe6 15. Rxb7 Qxa2
16. Rxc7 Qa5 17. Rd7 h6 18. h4 hxg5 19. hxg5 Rfd8 20. Rxd8+
Rxd8 21. Re3 0-1

[Event "Women's Olympiad"]
[Site "Dresden GER"]
[Date "2008.11.21"]
[EventDate "2008.11.13"]
[Round "8"]
[Result "1-0"]
[White "Anna Muzychuk"]
[Black "Rocio Vasquez Ramirez"]
[WhiteElo "2508"]
[BlackElo "2284"]
[PlyCount "43"]

1. e4 e6 2. d4 d5 3. Nd2 c5 4. Ngf3 cxd4 5. exd5 Qxd5 6. Bc4
Qh5 7. Nb3 Bb4+ 8. Bd2 Bxd2+ 9. Qxd2 Nc6 10. Nbxd4 Nxd4
11. Qxd4 Nf6 12. O-O-O O-O 13. Ne5 Qg5+ 14. f4 Qxg2 15. Rhg1
Qe4 16. Rxg7+ Kxg7 17. Rg1+ Qg6 18. h4 Kh8 19. Nxg6+ fxg6
20. h5 gxh5 21. Qd6 Rf7 22. Qd8+ 1-0

[Event "8th Amplico AIG Life Rapid"]
[Site "Warsaw POL"]
[Date "2008.12.20"]
[EventDate "?"]
[Round "7"]
[Result "1/2-1/2"]
[White "Anna Muzychuk"]
[Black "Sergei Azarov"]
[WhiteElo "2508"]
[BlackElo "2613"]
[PlyCount "101"]

1. e4 c5 2. Nf3 d6 3. c3 Nf6 4. Be2 Nbd7 5. d3 b6 6. O-O Bb7
7. Re1 g6 8. Nbd2 Bg7 9. Bf1 O-O 10. d4 e5 11. dxe5 Nxe5
12. Nxe5 dxe5 13. f3 Qc7 14. a4 a6 15. Nc4 b5 16. axb5 axb5
17. Rxa8 Rxa8 18. Qd6 Ne8 19. Qxc7 Nxc7 20. Na3 Bf8 21. Be3 c4
22. Ra1 Ne6 23. Nc2 Rxa1 24. Nxa1 Nc5 25. Kf2 f5 26. exf5 gxf5
27. Bxc5 Bxc5+ 28. Ke1 Kg7 29. Kd2 e4 30. Be2 e3+ 31. Ke1 Kf6
32. Nc2 Ke5 33. Bd1 f4 34. Ke2 Bc8 35. Ne1 h5 36. g3 Bh3
37. Bc2 Bd6 38. Bg6 h4 39. g4 Kd5 40. Nc2 Be5 41. Be8 Kc5
42. Bd7 Bf6 43. Nb4 Bg2 44. g5 Bxg5 45. h3 Be7 46. Nc2 Bf6
47. Ne1 Bh1 48. Nc2 Be5 49. Nb4 Bd6 50. Nc2 Be5 51. Nb4
1/2-1/2

[Event "Moscow Open C"]
[Site "Moscow"]
[Date "2009.02.07"]
[EventDate "2009.01.30"]
[Round "8"]
[Result "1-0"]
[White "Valentina Gunina"]
[Black "Anna Muzychuk"]
[WhiteElo "2400"]
[BlackElo "2540"]
[PlyCount "134"]

1.d4 Nf6 2.c4 d6 3.Nc3 e5 4.d5 Be7 5.e4 O-O 6.h3 Na6 7.Nge2
Ne8 8.Ng3 Bg5 9.Bd3 Nc5 10.Bc2 a5 11.O-O g6 12.a3 Bd7 13.b3
Bxc1 14.Qxc1 Qh4 15.Qe3 Ng7 16.Nb5 Qf4 17.Qxf4 exf4 18.Ne2
Bxb5 19.cxb5 Rfe8 20.f3 Nh5 21.Nd4 Kf8 22.Rfc1 Ke7 23.Bd1 Rec8
24.Rc3 Ng3 25.Rac1 Kd8 26.Ne2 Nxe2+ 27.Bxe2 Nd7 28.g3 Nf6
29.gxf4 Nh5 30.f5 Nf4 31.Bf1 gxf5 32.Kf2 Kd7 33.Kg3 Ng6 34.h4
Ne7 35.Kf4 c5 36.bxc6+ bxc6 37.dxc6+ Kc7 38.Bh3 fxe4 39.Bxc8
Nd5+ 40.Kxe4 Nxc3+ 41.Rxc3 Rxc8 42.Kf5 Rd8 43.Kf6 d5 44.Ke5 d4
45.Rd3 Kxc6 46.Rxd4 f6+ 47.Ke4 Rb8 48.b4 axb4 49.axb4 Rb5
50.Kf4 Kc7 51.Ke3 Kc6 52.Rf4 Kd7 53.Kd3 f5 54.Rd4+ Ke6 55.Kc4
Rb8 56.b5 Rc8+ 57.Kb4 Ke5 58.Rc4 Rb8 59.Ka5 Ra8+ 60.Kb6 Ra3
61.Kc7 Rxf3 62.b6 Rb3 63.b7 f4 64.b8=Q Rxb8 65.Kxb8 f3 66.Rc7
h5 67.Rf7 f2 1-0

[Event "2nd Pfalz Open"]
[Site "Neustadt an der Weinstraße (GER)"]
[Date "2009.02.16"]
[EventDate "2009.02.15"]
[Round "3"]
[Result "1/2-1/2"]
[White "Alexander Postojev"]
[Black "Anna Muzychuk"]
[WhiteElo "2368"]
[BlackElo "2540"]
[PlyCount "66"]

1. d4 f5 2. Nc3 d5 3. Bf4 c6 4. Qd3 Nf6 5. Nf3 e6 6. Ne5 Be7
7. h3 O-O 8. e3 b6 9. Be2 Bb7 10. g4 Ne4 11. Nxe4 fxe4 12. Qd2
Nd7 13. Nxd7 Qxd7 14. O-O Bd6 15. f3 exf3 16. Rxf3 c5 17. Raf1
Qc7 18. Bxd6 Qxd6 19. Qe1 Rxf3 20. Rxf3 Rf8 21. Rxf8+ Kxf8
22. Qf2+ Kg8 23. c3 Bc6 24. Qf4 Qxf4 25. exf4 c4 26. Kf2 Ba4
27. g5 Kf7 28. Bh5+ Ke7 29. Bg4 Bc2 30. h4 a5 31. Ke3 Bf5
32. Bxf5 exf5 33. h5 a4 1/2-1/2

[Event "2nd Pfalz Open"]
[Site "Neustadt an der Weinstraße (GER)"]
[Date "2009.02.21"]
[EventDate "2009.02.15"]
[Round "8"]
[Result "1/2-1/2"]
[White "Anna Muzychuk"]
[Black "Yuri Drozdovskij"]
[WhiteElo "2540"]
[BlackElo "2607"]
[PlyCount "77"]

1. e4 e6 2. d4 d5 3. Nc3 Nf6 4. Bg5 dxe4 5. Nxe4 Be7 6. Bxf6
gxf6 7. Nf3 f5 8. Nc3 a6 9. Qd2 b5 10. O-O-O b4 11. Na4 Bb7
12. Qe3 Qd5 13. Nc5 Bc6 14. b3 Bb5 15. a4 Bxf1 16. Rhxf1 Nc6
17. Rfe1 Rg8 18. g3 Bd6 19. h3 a5 20. Nd3 O-O-O 21. Nde5 Rgf8
22. Nxc6 Qxc6 23. d5 exd5 24. Nd4 Qb6 25. Nxf5 Bc5 26. Qf3 Qf6
27. Kb1 c6 28. Re2 Rde8 29. Rde1 Re6 30. Qg4 Qg6 31. Qf4 Rfe8
32. Rxe6 Rxe6 33. Rxe6 Qxe6 34. Ne3 Bxe3 35. fxe3 Qxh3 36. g4
Qh1+ 37. Kb2 Qe4 38. Qxf7 Qxg4 39. Qxh7 1/2-1/2

[Event "2nd Pfalz Open"]
[Site "Neustadt an der Weinstraße (GER)"]
[Date "2009.02.22"]
[EventDate "2009.02.15"]
[Round "9"]
[Result "1/2-1/2"]
[White "Tomasz Markowski"]
[Black "Anna Muzychuk"]
[WhiteElo "2605"]
[BlackElo "2540"]
[PlyCount "65"]

1. g3 f5 2. c4 Nf6 3. Nf3 g6 4. b4 Bg7 5. Bb2 d6 6. Bg2 O-O
7. O-O c6 8. d3 e5 9. Qb3 Kh8 10. Nbd2 Be6 11. Qc2 Na6 12. a3
Nd7 13. Rac1 Rc8 14. Qb1 Qe7 15. Nb3 b6 16. Nbd2 Bg8 17. Qc2
Nc7 18. e3 Ne6 19. Rfe1 Rc7 20. Qb1 Rfc8 21. Qa1 Bf6 22. Nf1
Qg7 23. N3d2 g5 24. Qb1 h5 25. Qc2 Bf7 26. Qd1 g4 27. f4 h4
28. Qe2 exf4 29. Bxf6 Nxf6 30. exf4 h3 31. Bh1 Nd4 32. Qf2 c5
33. bxc5 1/2-1/2